Sur la légende du drame romantique (notice n° 1654487)
[ vue normale ]
| 000 -LEADER | |
|---|---|
| fixed length control field | 01527cam a2200157 4500500 |
| 005 - DATE AND TIME OF LATEST TRANSACTION | |
| control field | 20260208005938.0 |
| 041 ## - LANGUAGE CODE | |
| Language code of text/sound track or separate title | fre |
| 042 ## - AUTHENTICATION CODE | |
| Authentication code | dc |
| 100 10 - MAIN ENTRY--PERSONAL NAME | |
| Personal name | Autrand, Michel |
| Relator term | author |
| 245 00 - TITLE STATEMENT | |
| Title | Sur la légende du drame romantique |
| 260 ## - PUBLICATION, DISTRIBUTION, ETC. | |
| Date of publication, distribution, etc. | 2008.<br/> |
| 500 ## - GENERAL NOTE | |
| General note | 28 |
| 520 ## - SUMMARY, ETC. | |
| Summary, etc. | Héritier d’un art de l’extrait qui existe depuis l’Antiquité, Montesquieu accumule les notes de lecture et constitue des recueils dans lesquels il consigne librement toutes sortes d’informations. L’examen du catalogue de sa bibliothèque à la Brède témoigne aussi de l’influence des recueils imprimés de lieux communs, tradition qui s’est développée en Europe depuis la période humaniste. Le classement de ces recueils dans les rubriques de son catalogue rappelle l’origine rhétorique de telles compilations et révèle également l’évolution du genre vers l’ouvrage de référence à vocation encyclopédique. Comme ses contemporains, Montesquieu entretient un rapport distant et critique avec la compilation et la citation. Cette tradition n’en demeure pas moins l’horizon à partir duquel s’élaborent non seulement ses méthodes de travail mais aussi un rapport spécifique à la composition et un style marqué par la condensation et la relative autonomie des formules. |
| 786 0# - DATA SOURCE ENTRY | |
| Note | Revue d'histoire littéraire de la France | 108 | 4 | 2008-12-21 | p. 821-847 | 0035-2411 |
| 856 41 - ELECTRONIC LOCATION AND ACCESS | |
| Uniform Resource Identifier | <a href="https://shs.cairn.info/revue-d-histoire-litteraire-de-la-france-2008-4-page-821?lang=fr&redirect-ssocas=7080">https://shs.cairn.info/revue-d-histoire-litteraire-de-la-france-2008-4-page-821?lang=fr&redirect-ssocas=7080</a> |
Pas d'exemplaire disponible.




Réseaux sociaux